Los mayas /
Guardado en:
| Formato: | Libro |
|---|---|
| Publicado: |
México :
Secci¢n de Servicios Educativos, 0
|
| Series: | Antropología ; No. 2
|
| Materias: | |
| Etiquetas: |
Agregar Etiqueta
Sin Etiquetas, Sea el primero en etiquetar este registro!
|
| LEADER | 00527nam a22001935a 4500 | ||
|---|---|---|---|
| 001 | CEM.cems004597 | ||
| 005 | 20060217000000.0 | ||
| 008 | 130507b######################000#0#####d | ||
| 003 | CEMS | ||
| 082 | 0 | 4 | |a 972.015 |
| 245 | 0 | 0 | |a Los mayas / |
| 260 | |a México : |b Secci¢n de Servicios Educativos, 0 | ||
| 300 | |a 28 p. | ||
| 490 | 0 | |a Antropología ; No. 2 | |
| 653 | |a Historia | ||
| 653 | |a Historia de america | ||
| 653 | |a Historia precolombina | ||
| 653 | |a Mayas | ||
| 859 | |a CEMS |b BIB. CEMS - 11 de abril |h 972.015 |i M574 |p 8077.80 |t Ej.1 | ||
